000 00521nab a2200145Ia 4500
003 ES-SlBCS
005 20210601131458.0
008 140529s1957 xxu||||| |||| 00| 0 fre d
041 _afre
100 1 _aNolet de Brauwere, Yves
_9185374
245 0 0 _aCoups de sonde dans la philosophie anglaise contemporaine
_c Yves Nolet De Brauwere
650 0 4 _aFilosofía Inglesa Contemporánea
_9179199
773 0 _tRevue Philosophique de Louvain (Antes, Revue Néo-Scolostique
_gvol. 55, 1957, págs. 368-380
_wRev378
942 _cAR
999 _c563762
_d563762